Republic of Azerbaijan : Staff Report for the 2011 Article IV Consultation.

Strong fiscal stimulus in Azerbaijan continued in 2011 triggered by unanticipated increases in global oil prices. The 2011 Article IV Consultation highlights that near and medium-term economic prospects are favorable and nonhydrocarbon growth could reach 6 percent in 2012. Executive Directors have e...

Fuld beskrivelse

Bibliografiske detaljer
Institution som forfatter: International Monetary Fund
Format: Tidsskrift
Sprog:English
Udgivet: Washington, D.C. : International Monetary Fund, 2012.
Serier:IMF Staff Country Reports; Country Report ; No. 2012/005
Online adgang:Full text available on IMF
LEADER 01647cas a2200241 a 4500
001 AALejournalIMF011621
008 230101c9999 xx r poo 0 0eng d
020 |c 5.00 USD 
020 |z 9781463931872 
022 |a 1934-7685 
040 |a BD-DhAAL  |c BD-DhAAL 
110 2 |a International Monetary Fund. 
245 1 0 |a Republic of Azerbaijan :   |b Staff Report for the 2011 Article IV Consultation. 
264 1 |a Washington, D.C. :  |b International Monetary Fund,  |c 2012. 
300 |a 1 online resource (57 pages) 
490 1 |a IMF Staff Country Reports 
500 |a <strong>Off-Campus Access:</strong> No User ID or Password Required 
500 |a <strong>On-Campus Access:</strong> No User ID or Password Required 
506 |a Electronic access restricted to authorized BRAC University faculty, staff and students 
520 3 |a Strong fiscal stimulus in Azerbaijan continued in 2011 triggered by unanticipated increases in global oil prices. The 2011 Article IV Consultation highlights that near and medium-term economic prospects are favorable and nonhydrocarbon growth could reach 6 percent in 2012. Executive Directors have endorsed that significant actions would be needed for Azerbaijan to maintain the record of high growth and significant poverty reduction. Given the limited horizon of hydrocarbon resources, the economy needs to be reoriented from its symbiotic dependence on natural resource revenues. 
538 |a Mode of access: Internet 
830 0 |a IMF Staff Country Reports; Country Report ;  |v No. 2012/005 
856 4 0 |z Full text available on IMF  |u http://elibrary.imf.org/view/journals/002/2012/005/002.2012.issue-005-en.xml  |z IMF e-Library